| 000 | 00369nam a22001577a 4500 | ||
|---|---|---|---|
| 003 | OSt | ||
| 005 | 20231228090803.0 | ||
| 008 | 231228b |||||||| |||| 00| 0 eng d | ||
| 020 | _a9789390727995 | ||
| 040 | _cIIMT UNIVERSITY | ||
| 100 | _aFELDMAN ROBERT S. | ||
| 245 | _aUNDERSTANDING PSYCHOLOGY | ||
| 260 | _aDELHI,MC GRAW HILL | ||
| 300 | _a603 | ||
| 942 |
_2ddc _c01 |
||
| 999 |
_c57896 _d57896 |
||